The Origin of Life of a Human Being : Conception and the Female Accoding to Ancient India Medical and Sexological Literature (Record no. 12905)
[ view plain ]
| 000 -LEADER | |
|---|---|
| fixed length control field | 00472nam a22001457a 4500 |
| 003 - CONTROL NUMBER IDENTIFIER | |
| control field | OSt |
| 008 - FIXED-LENGTH DATA ELEMENTS--GENERAL INFORMATION | |
| fixed length control field | 240911b |||||||| |||| 00| 0 eng d |
| 020 ## - INTERNATIONAL STANDARD BOOK NUMBER | |
| International Standard Book Number | 9788120819986 |
| 082 ## - DEWEY DECIMAL CLASSIFICATION NUMBER | |
| Classification number | 576.83 |
| Item number | DAO |
| 100 ## - MAIN ENTRY--PERSONAL NAME | |
| Personal name | DAS, Rahul Peter |
| 245 ## - TITLE STATEMENT | |
| Title | The Origin of Life of a Human Being : Conception and the Female Accoding to Ancient India Medical and Sexological Literature |
| 260 ## - PUBLICATION, DISTRIBUTION, ETC. (IMPRINT) | |
| Place of publication, distribution, etc | New Delhi: |
| Name of publisher, distributor, etc | Motilal Banarsidass Publisher, |
| Date of publication, distribution, etc | 2003. |
| 300 ## - PHYSICAL DESCRIPTION | |
| Extent | xvi,728p. |
| 942 ## - ADDED ENTRY ELEMENTS (KOHA) | |
| Source of classification or shelving scheme | Dewey Decimal Classification |
| Koha item type | Text Books |
| Withdrawn status | Lost status | Source of classification or shelving scheme | Damaged status | Not for loan | Collection code | Home library | Current library | Date acquired | Source of acquisition | Currency | Cost, normal purchase price | Bill Number | Total Checkouts | Full call number | Acc. no. / Barcode | Date last seen | Actual Cost, discounted price | Bill Date | Koha item type |
|---|---|---|---|---|---|---|---|---|---|---|---|---|---|---|---|---|---|---|---|
| Dewey Decimal Classification | IKS- Indian Knowledge System | PIET C-LIBRARY | PIET C-LIBRARY | 11/09/2024 | Zafaa Books and Distributors | INR | 1295.00 | ZBD0186 | 576.83 DAO | 38473 | 11/09/2024 | 971.25 | 07/09/2024 | Text Books |